000 00796nam a2200229Ia 4500
003 GCL
008 140319s9999 xx 000 0 ara d
040 _aGCL /
_cGCL
082 0 4 _a320.956
_bا ب
100 1 _aاجية يونان جرجس
245 1 0 _aالبحر الاحمر و مضايقه بين الحق العربى والصراع العالمى /
_cاجية يونان جرجس
300 _a111 ص
490 _a
650 0 4 _aالعالم العربى
650 0 4 _aالاتحاد السوفيتى
650 0 4 _aالنزاع العربى الاسرائيلى
650 0 4 _aالولايات المتحدة الامريكية
650 0 4 _aامريكا الجنوبية
650 0 4 _aالبحر الاحمر
650 0 4 _aالمنازعات الدولية
942 _2ddc
_cBK
999 _c39556
_d39556